[Event "62nd ch-IND 2025"]
[Site "Guntur IND"]
[Date "2025.09.28"]
[Round "8.4"]
[White "Harsh, Suresh"]
[Black "Iniyan, Pa"]
[Result "0-1"]
[WhiteTitle "IM"]
[BlackTitle "GM"]
[WhiteElo "2443"]
[BlackElo "2599"]
[WhiteFideId "45018464"]
[BlackFideId "25002767"]
[EventDate "2025.09.21"]

1. e4 c5 2. Nf3 d6 3. Bb5+ Nd7 4. d4 cxd4 5. Nxd4 Nf6 6. O-O a6 7. Bd3 Nc5 8.
Re1 g6 9. c4 Bg7 10. Nc3 O-O 11. b3 d5 12. exd5 e5 13. Nde2 Ng4 14. h3 Nxf2 15.
Kxf2 Qh4+ 16. Kf1 Bxh3 17. Bc2 f5 18. Ng1 Bg4 19. Qd2 Ne4 20. Qe3 Ng3+ 21. Qxg3
Qxg3 22. Nce2 Qh2 23. Ba3 e4 24. Rad1 e3 25. Nd4 Qg3 26. Re2 Bxd4 27. Bxf8 0-1

[Event "62nd ch-IND 2025"]
[Site "Guntur IND"]
[Date "2025.09.28"]
[Round "8.5"]
[White "Ganguly, Surya Shekhar"]
[Black "Nitin, S."]
[Result "1/2-1/2"]
[WhiteTitle "GM"]
[BlackTitle "IM"]
[WhiteElo "2573"]
[BlackElo "2316"]
[WhiteFideId "5002150"]
[BlackFideId "5018277"]
[EventDate "2025.09.21"]

1. e4 e5 2. Nf3 Nc6 3. Bb5 a6 4. Ba4 d6 5. O-O Bd7 6. c3 Nf6 7. Re1 g6 8. d4 Bg7
9. h3 O-O 10. Bc2 Re8 11. Nbd2 a5 12. a3 a4 13. d5 Ne7 14. c4 Nc8 15. Nb1 Nb6
16. Bd3 Bc8 17. Bg5 h6 18. Bh4 Nbd7 19. Nc3 Nc5 20. Bc2 Bd7 21. Nd2 Rf8 22. b4
axb3 23. Nxb3 Na4 24. Nxa4 Bxa4 25. Nc1 Qe8 26. Nd3 Bxc2 27. Qxc2 Qa4 28. Qc1 g5
29. Bg3 Nh5 30. Nb2 Qa7 1/2-1/2

[Event "62nd ch-IND 2025"]
[Site "Guntur IND"]
[Date "2025.09.28"]
[Round "8.6"]
[White "Utsab, Chatterjee"]
[Black "Sethuraman, S.P."]
[Result "1/2-1/2"]
[WhiteTitle "IM"]
[BlackTitle "GM"]
[WhiteElo "2299"]
[BlackElo "2572"]
[WhiteFideId "46609148"]
[BlackFideId "5021596"]
[EventDate "2025.09.21"]

1. e4 c5 2. Nf3 d6 3. d4 cxd4 4. Nxd4 Nf6 5. Nc3 a6 6. Bd3 g6 7. f3 Qb6 8. Nb3
Bg7 9. Bg5 Be6 10. Qd2 Nc6 11. O-O-O Ne5 12. Nd4 Bc4 13. Be3 Qc7 14. Kb1 b5 15.
b3 Rb8 16. g4 h6 17. h4 h5 18. g5 Nfd7 19. Rhf1 b4 20. Nd5 Bxd5 21. exd5 Qb7 22.
f4 Nxd3 23. Qxd3 Qxd5 24. Qxa6 Qb7 25. Qxb7 Rxb7 26. Nc6 Nb8 27. Nxb8 Rxb8 28.
Bd4 Bxd4 29. Rxd4 Rb5 30. Re1 Kd7 31. Ree4 Rhb8 32. Kb2 e6 33. c3 bxc3+ 34. Kxc3
d5 35. Re2 Rc5+ 36. Kb2 Rbc8 37. a4 Rc3 38. Rb4 Rh3 39. a5 Rc7 40. a6 Ra7 41.
Rc2 Rxa6 42. Rb7+ Kd6 43. b4 Rc6 44. Rxc6+ Kxc6 45. Rxf7 d4 46. Rf6 Kd5 47. Rxg6
Rxh4 48. Rf6 Kc4 49. Rxe6 Rxf4 50. Rc6+ Kb5 51. Rh6 Kxb4 52. Rxh5 Rf2+ 53. Kb1
d3 54. Rh1 Rg2 55. Rd1 Kc3 56. Rc1+ Kd4 57. Rh1 Rxg5 58. Kb2 Rb5+ 59. Kc1 Kc3
60. Rh2 Rb3 61. Rc2+ Kd4 62. Rh2 Ra3 63. Rh8 Ra1+ 64. Kd2 Ra2+ 65. Kd1 Ke5 1/2-1/2

[Event "62nd ch-IND 2025"]
[Site "Guntur IND"]
[Date "2025.09.28"]
[Round "8.7"]
[White "Aaditya, Dhingra"]
[Black "Lalit Babu M R"]
[Result "1-0"]
[WhiteTitle "IM"]
[BlackTitle "GM"]
[WhiteElo "2391"]
[BlackElo "2502"]
[WhiteFideId "25678191"]
[BlackFideId "5024595"]
[EventDate "2025.09.21"]

1. e4 c6 2. d4 d5 3. e5 Bf5 4. h4 h5 5. Bd3 Bxd3 6. Qxd3 e6 7. Nf3 Qa5+ 8. Nbd2
Nh6 9. O-O Nf5 10. Nb3 Qa6 11. Qd1 Nd7 12. a4 Be7 13. g3 Qb6 14. Bf4 Rc8 15. Rc1
c5 16. c4 dxc4 17. Nbd2 O-O 18. Nxc4 Qa6 19. d5 exd5 20. Qxd5 Nb6 21. Nxb6 Qxb6
22. Bg5 Rc7 23. Rfe1 g6 24. Bxe7 Nxe7 25. Qc4 Qa6 26. Qf4 Qe6 27. Ng5 Qf5 28.
Qc4 Nc6 29. Qxc5 Re7 30. f4 Rd8 31. Ne4 Rd4 32. Nf6+ Kg7 33. Rcd1 Rxa4 34. Qc3
Qe6 35. Nd5 Rd7 36. f5 gxf5 37. Nf4 Rxf4 38. gxf4 Rxd1 39. Rxd1 Kf8 40. Qc5+ Ke8
41. Qd5 Qe7 42. Rd2 Nd8 43. Rg2 Kf8 44. Qd1 Ne6 45. Qxh5 Qb4 46. Qd1 Qb6+ 47.
Kh2 Nxf4 48. Qd6+ 1-0

[Event "62nd ch-IND 2025"]
[Site "Guntur IND"]
[Date "2025.09.28"]
[Round "8.8"]
[White "Goutham Krishna H"]
[Black "Harshit, Ranjan Sahu"]
[Result "1-0"]
[WhiteTitle "IM"]
[BlackTitle "CM"]
[WhiteElo "2418"]
[BlackElo "2258"]
[WhiteFideId "25983504"]
[BlackFideId "25638815"]
[EventDate "2025.09.21"]

1. g3 Nf6 2. Bg2 g6 3. e4 d6 4. d4 Bg7 5. Ne2 O-O 6. O-O e5 7. Nbc3 Nc6 8. dxe5
dxe5 9. Bg5 Qxd1 10. Rfxd1 h6 11. Be3 a6 12. h3 Ne7 13. Rd2 Be6 14. Rad1 Rfe8
15. Nc1 Nc8 16. Nd3 Nd6 17. b3 Nd7 18. Nb4 Rac8 19. Nbd5 Kh7 20. a4 f5 21. Kh2
a5 22. h4 b6 23. h5 gxh5 24. Bh3 Nf8 25. f3 fxe4 26. Nxe4 Nxe4 27. fxe4 Bxh3 28.
Kxh3 Ne6 29. Kh4 Kg6 30. Rg2 Rcd8 31. Rf1 Rd7 32. g4 hxg4 33. Rxg4+ Kh7 34. Bxh6
Rf8 35. Rxf8 Nxf8 36. Bxg7 Rxg7 37. Rxg7+ Kxg7 38. Nxc7 Kg6 39. Kg4 Nd7 40. Nd5
Nc5 41. Nxb6 Nxe4 42. Nc4 Nf6+ 43. Kf3 Kf5 44. Nxa5 e4+ 45. Ke2 Nd5 46. Nc4 Kf4
47. a5 e3 48. a6 Nc3+ 49. Kd3 e2 50. Kd2 Kf3 51. Ne5+ 1-0

[Event "62nd ch-IND 2025"]
[Site "Guntur IND"]
[Date "2025.09.28"]
[Round "8.9"]
[White "Ravi, Teja S."]
[Black "Gaikwad Manas"]
[Result "1/2-1/2"]
[WhiteTitle "IM"]
[WhiteElo "2410"]
[BlackElo "2112"]
[WhiteFideId "5017220"]
[BlackFideId "25912410"]
[EventDate "2025.09.21"]

1. Nf3 Nf6 2. d4 g6 3. g3 Bg7 4. Bg2 O-O 5. O-O d6 6. c4 Nc6 7. Nc3 a6 8. b3 Rb8
9. d5 Na5 10. Bg5 h6 11. Bd2 c5 12. dxc6 Nxc6 13. Rc1 Bd7 14. Nd5 Ne4 15. Be3 e6
16. Bb6 Qc8 17. Ne3 Bb2 18. Rc2 Ba3 19. Nd2 Nf6 20. Qa1 Ne8 21. Rd1 f5 22. Nf3
Nf6 23. Nd5 exd5 24. cxd5 Ne4 25. dxc6 bxc6 26. Be3 Kh7 27. Nd2 d5 28. Nxe4 fxe4
29. Rxd5 cxd5 30. Rxc8 Rbxc8 31. Qd1 Be6 32. g4 Bxg4 33. f3 exf3 34. Bxf3 Bxf3
35. exf3 Rc3 36. Kf2 Rd8 37. Kg1 Rcc8 1/2-1/2

[Event "62nd ch-IND 2025"]
[Site "Guntur IND"]
[Date "2025.09.28"]
[Round "8.10"]
[White "Deepan, Chakkravarthy J."]
[Black "Ayaan Garg"]
[Result "1-0"]
[WhiteTitle "GM"]
[WhiteElo "2407"]
[BlackElo "2091"]
[WhiteFideId "5011132"]
[BlackFideId "25182242"]
[EventDate "2025.09.21"]

1. d4 d5 2. c4 e6 3. Nc3 Nf6 4. Nf3 Be7 5. Bf4 O-O 6. e3 b6 7. Qc2 Bb7 8. Rd1
Nbd7 9. cxd5 Nxd5 10. Nxd5 Bxd5 11. Bd3 Bb4+ 12. Ke2 Nf6 13. Qxc7 Nh5 14. Be5 f6
15. Qxd8 Rfxd8 16. Bc7 Rd7 17. Rc1 Rc8 18. a3 Rdxc7 19. Rxc7 Rxc7 20. axb4 f5
21. Rg1 Bc4 22. Ne5 Bxd3+ 23. Nxd3 Nf6 24. Rc1 Rxc1 25. Nxc1 Nd5 26. Na2 a6 27.
g3 Kf7 28. f3 g5 29. e4 Nf6 30. Nc3 b5 31. d5 exd5 32. exf5 Ke7 33. Ke3 Kd6 34.
Kd4 Nd7 35. Nxd5 Ne5 36. Ke4 Nc4 37. Nf6 h6 38. Ng4 h5 39. Nf6 h4 40. Nh7 Nd2+
41. Ke3 Nf1+ 42. Kf2 Nxh2 43. g4 Kd5 1-0

[Event "62nd ch-IND 2025"]
[Site "Guntur IND"]
[Date "2025.09.28"]
[Round "8.11"]
[White "Surendran, N"]
[Black "Jain, Kashish Manoj"]
[Result "1/2-1/2"]
[BlackTitle "IM"]
[WhiteElo "2158"]
[BlackElo "2398"]
[WhiteFideId "5021243"]
[BlackFideId "35081098"]
[EventDate "2025.09.21"]

1. d4 e6 2. c4 b6 3. a3 Bb7 4. Nc3 d5 5. cxd5 exd5 6. Nf3 Nf6 7. Bg5 Be7 8. e3
O-O 9. Bd3 Nbd7 10. Qc2 c5 11. O-O Ne4 12. Bf4 Rc8 13. dxc5 Ndxc5 14. Be5 Bf6
15. Rfd1 Nxc3 16. Qxc3 Nxd3 17. Qxd3 Bxe5 18. Nxe5 Qg5 19. Nf3 Qf6 20. Nd4 Rc5
21. Rac1 Rfc8 22. Qd2 g6 23. h3 h5 24. Ne2 Qc6 25. Nd4 Qa4 26. Ra1 Qe8 27. a4
Qd8 28. b3 a6 29. Ra2 Qc7 30. Rda1 Rc3 31. a5 b5 32. b4 Qd6 33. Rb2 R3c4 34. Rf1
R8c7 35. Rd1 1/2-1/2

[Event "62nd ch-IND 2025"]
[Site "Guntur IND"]
[Date "2025.09.28"]
[Round "8.12"]
[White "Rohith, Krishna S"]
[Black "Esshan Wadhawan"]
[Result "1/2-1/2"]
[WhiteTitle "IM"]
[WhiteElo "2503"]
[BlackElo "2207"]
[WhiteFideId "46617051"]
[BlackFideId "45062056"]
[EventDate "2025.09.21"]

1. d4 Nf6 2. c4 e6 3. Nf3 Bb4+ 4. Nbd2 d5 5. Qa4+ Nc6 6. e3 a5 7. a3 Be7 8. b4
dxc4 9. b5 Na7 10. Bxc4 O-O 11. O-O c6 12. Re1 cxb5 13. Bxb5 Nxb5 14. Qxb5 Bd7
15. Qb3 a4 16. Qd3 Qa5 17. Rb1 b5 18. Ne5 Rab8 19. Ndf3 Rfd8 20. Bd2 Qa6 21.
Nxd7 Nxd7 22. Bb4 Bxb4 23. Rxb4 Nc5 24. Qc2 Nb3 25. Nd2 Rdc8 26. Qb2 Nxd2 27.
Qxd2 Qc6 28. Reb1 g6 29. h3 Rb7 30. Qd3 Qc3 31. Qxc3 Rxc3 1/2-1/2

[Event "62nd ch-IND 2025"]
[Site "Guntur IND"]
[Date "2025.09.28"]
[Round "8.13"]
[White "Srihari, L R"]
[Black "Navalgund, Niranjan"]
[Result "1/2-1/2"]
[WhiteTitle "GM"]
[BlackTitle "FM"]
[WhiteElo "2481"]
[BlackElo "2185"]
[WhiteFideId "46617116"]
[BlackFideId "5030854"]
[EventDate "2025.09.21"]

1. d4 d5 2. c4 c6 3. Nf3 Nf6 4. e3 Bf5 5. Nc3 e6 6. Nh4 Be4 7. f3 Bg6 8. Bd2
Nbd7 9. cxd5 exd5 10. Nxg6 hxg6 11. Bd3 Bd6 12. Qe2 Qe7 13. O-O-O O-O-O 14. g4
Bc7 15. g5 Ne8 16. h4 Nb6 17. Kb1 Kb8 18. Bc1 a6 19. Qf2 c5 20. dxc5 Qxc5 21.
Ne2 Nc4 22. Nd4 Ned6 23. b3 Qb4 24. Qe1 Qxe1 25. Rdxe1 Ne5 26. Be2 Rh7 27. Rh3
Rdh8 28. Reh1 Ka7 29. Ba3 Rd8 30. h5 gxh5 31. Rxh5 Rxh5 32. Rxh5 Nc6 33. Nxc6+
bxc6 34. Rh7 Rg8 35. Bd3 Kb6 36. Bb2 Ne8 37. Kc2 c5 38. Kd2 f6 39. f4 fxg5 40.
fxg5 Bd8 41. g6 Bf6 42. Ba3 Nc7 43. Rh5 Rd8 44. Kc2 Nb5 45. Bc1 Na7 46. Bb2 Bxb2
47. Kxb2 Nc6 48. a3 Rd6 49. Kc3 1/2-1/2

[Event "62nd ch-IND 2025"]
[Site "Guntur IND"]
[Date "2025.09.28"]
[Round "8.14"]
[White "Dhulipalla, Bala Chandra Prasad"]
[Black "Abhishek, Kelkar"]
[Result "1/2-1/2"]
[WhiteTitle "IM"]
[BlackTitle "IM"]
[WhiteElo "2446"]
[BlackElo "2172"]
[WhiteFideId "25005812"]
[BlackFideId "5019257"]
[EventDate "2025.09.21"]

1. e4 c5 2. Nf3 Nc6 3. Bb5 e6 4. O-O Nge7 5. Re1 a6 6. Bf1 Nd4 7. Nxd4 cxd4 8.
c3 Nc6 9. b4 Be7 10. a4 O-O 11. Na3 dxc3 12. dxc3 Bf6 13. Qb3 Qc7 14. Be3 d5 15.
Rac1 dxe4 16. Nc4 Ne5 17. Bc5 Nxc4 18. Qxc4 Re8 19. Qxe4 Bd7 20. Bd3 g6 21. a5
Bc6 22. Qe3 e5 23. Bf1 e4 24. Red1 Be5 25. g3 f5 26. Bd4 Qg7 27. c4 g5 28. b5
Bd7 29. Bxe5 Rxe5 30. Qb6 Be8 31. Rd5 axb5 32. Rxe5 Qxe5 33. cxb5 e3 34. fxe3
Rxa5 35. Qc5 Qxc5 36. Rxc5 Bd7 37. Rc7 Be6 38. Rxb7 Ra1 39. Rc7 f4 40. gxf4 Bh3
41. Kf2 Rxf1+ 42. Kg3 Bf5 43. b6 Be4 44. b7 Rg1+ 45. Kf2 Rg2+ 46. Kf1 Bxb7 47.
Rxb7 Rxh2 48. fxg5 Rh5 49. Rb5 Rh2 50. Rb7 Rh5 51. Kf2 Rxg5 52. Kf3 h5 53. e4 h4
54. Kf4 Rh5 55. Kg4 Re5 56. Rb4 1/2-1/2

[Event "62nd ch-IND 2025"]
[Site "Guntur IND"]
[Date "2025.09.28"]
[Round "8.15"]
[White "Bhoir Paras Dilip"]
[Black "Vignesh Advaith Vemula"]
[Result "0-1"]
[WhiteElo "2219"]
[BlackElo "2431"]
[WhiteFideId "25763695"]
[BlackFideId "25792059"]
[EventDate "2025.09.21"]

1. e4 d6 2. d4 Nf6 3. Nc3 e5 4. Nf3 exd4 5. Nxd4 Be7 6. Be2 O-O 7. O-O Re8 8. f4
c5 9. Nf3 Nc6 10. e5 dxe5 11. fxe5 Nd7 12. Bf4 Nf8 13. Qe1 Be6 14. Qg3 Ng6 15.
Bd3 Nd4 16. Rad1 Nxf3+ 17. Qxf3 Qd4+ 18. Be3 Qxe5 19. Rde1 Bd6 20. g3 c4 21. Be4
Bc5 22. Bxb7 Rad8 23. Qf2 Bxe3 24. Rxe3 Qb8 25. Bc6 Rf8 26. b3 Ne5 27. Bf3 Nxf3+
28. Rxf3 Qb7 29. Re3 Qc6 30. Rfe1 cxb3 31. cxb3 Bc8 32. Ne4 Bb7 33. Rc3 Qg6 34.
Rce3 Rc8 35. Qf4 Ba8 36. R3e2 Qc6 37. Qd6 Qb7 38. Kf2 f5 39. Ng5 h6 40. Ne6 Rfe8
41. Qe5 Qf3+ 42. Kg1 Re7 43. Rf1 Qh1+ 44. Kf2 Qg2+ 45. Ke1 Qc6 46. Rff2 0-1

[Event "62nd ch-IND 2025"]
[Site "Guntur IND"]
[Date "2025.09.28"]
[Round "8.16"]
[White "Audi, Ameya"]
[Black "Chidvilash, Sai Surapaneni"]
[Result "1-0"]
[WhiteTitle "IM"]
[BlackTitle "CM"]
[WhiteElo "2430"]
[BlackElo "2124"]
[WhiteFideId "25034430"]
[BlackFideId "25748530"]
[EventDate "2025.09.21"]

1. e4 c6 2. d4 d5 3. f3 Qb6 4. Nc3 e6 5. a3 a5 6. Be3 f5 7. e5 a4 8. Rb1 c5 9.
dxc5 Bxc5 10. Bxc5 Qxc5 11. Nb5 Nh6 12. Nd6+ Ke7 13. Qd2 Nf7 14. Nxf7 Kxf7 15.
f4 Nc6 16. Nf3 b6 17. Rc1 Rd8 18. b4 Qe7 19. Bb5 Bd7 20. Bxc6 Bxc6 21. Nd4 Be8
22. c3 Rac8 23. Kd1 Rc4 24. Kc2 Rdc8 25. Kb2 Bd7 26. h3 Ke8 27. g4 g6 28. gxf5
gxf5 29. Rhg1 Kd8 30. Rg5 Kc7 31. Rcg1 Rf8 32. Rg7 Rf7 33. Qg2 Rxg7 34. Qxg7 Qh4
35. Rg3 Qh5 36. Qe7 Rxd4 37. Qd6+ Kc8 38. Rg8+ Be8 39. Qc6+ Kd8 40. Qxb6+ Ke7
41. Qd6+ 1-0

[Event "62nd ch-IND 2025"]
[Site "Guntur IND"]
[Date "2025.09.28"]
[Round "8.17"]
[White "Soham, Kamotra"]
[Black "Sangma, Rahul"]
[Result "1-0"]
[WhiteTitle "IM"]
[BlackTitle "IM"]
[WhiteElo "2414"]
[BlackElo "2122"]
[WhiteFideId "46647490"]
[BlackFideId "5013615"]
[EventDate "2025.09.21"]

1. d4 Nf6 2. c4 g6 3. Nc3 Bg7 4. e4 d6 5. Be2 O-O 6. Nf3 Nc6 7. O-O e5 8. d5 Ne7
9. Kh1 Ne8 10. Ng1 f5 11. exf5 gxf5 12. f4 Ng6 13. Nh3 Nf6 14. Qc2 Ng4 15. g3
Bd7 16. Bd2 c6 17. Bf3 Qc7 18. Ng5 Rae8 19. Bxg4 fxg4 20. f5 h6 21. f6 e4 22.
f7+ Rxf7 23. Nxf7 1-0

[Event "62nd ch-IND 2025"]
[Site "Guntur IND"]
[Date "2025.09.28"]
[Round "8.18"]
[White "Vedant Garg"]
[Black "Sidhant, Mohapatra"]
[Result "0-1"]
[BlackTitle "IM"]
[WhiteElo "2140"]
[BlackElo "2384"]
[WhiteFideId "33422362"]
[BlackFideId "5028698"]
[EventDate "2025.09.21"]

1. e4 e5 2. Nf3 Nc6 3. Bb5 a6 4. Ba4 Nf6 5. O-O Be7 6. Re1 b5 7. Bb3 O-O 8. a4
Bb7 9. d3 d6 10. Bd2 Qd7 11. Nc3 Na5 12. Ba2 b4 13. Ne2 c5 14. Ng3 Nc6 15. Nf5
Bd8 16. N3h4 g6 17. Bh6 Re8 18. Re3 d5 19. Rg3 b3 20. Bxb3 c4 21. dxc4 Nxe4 22.
Qxd5 Qxd5 23. cxd5 Na5 24. Re3 Nxb3 25. cxb3 Bxd5 26. Ng3 Nxf2 27. Kxf2 Bxh4 28.
Rd1 Rad8 29. Rc3 f5 30. Kg1 Bf6 31. b4 e4 32. Rc5 Bb3 33. Rxd8 Rxd8 34. Ne2 Bxa4
35. Ra5 Bb5 36. Kf2 Bxb2 37. Ra2 Bf6 38. Be3 Kf7 39. Rc2 g5 40. g3 h6 41. Rc7+
Rd7 42. Rc8 Be5 43. Rc5 Ke6 44. Nc3 f4 45. Nxb5 fxe3+ 46. Kxe3 axb5 47. Rxb5 Kf5
48. g4+ Ke6 49. h3 Rf7 50. Kxe4 Rf4+ 51. Ke3 Bd6 52. Rb7 Rxb4 53. Rg7 Bf8 54.
Rc7 Rb3+ 55. Ke4 Rxh3 56. Rc6+ Bd6 57. Rc8 Rg3 58. Kd4 0-1

[Event "62nd ch-IND 2025"]
[Site "Guntur IND"]
[Date "2025.09.28"]
[Round "8.19"]
[White "Arshpreet Singh"]
[Black "Ritviz, Parab"]
[Result "0-1"]
[BlackTitle "IM"]
[WhiteElo "2123"]
[BlackElo "2372"]
[WhiteFideId "25902113"]
[BlackFideId "5073367"]
[EventDate "2025.09.21"]

1. e4 e5 2. Nf3 Nc6 3. Bb5 a6 4. Ba4 f5 5. d4 exd4 6. e5 b5 7. Bb3 Bb7 8. c3 Na5
9. Bxg8 Rxg8 10. cxd4 g5 11. d5 g4 12. Nd4 Bxd5 13. O-O Qc8 14. e6 dxe6 15. Nc3
Bc4 16. Re1 Qd7 17. Nxf5 Qxd1 18. Nxd1 O-O-O 19. Ng3 Bb4 20. Nc3 Rd3 21. Nge2 e5
22. Be3 Nc6 23. Rec1 Nd4 24. Bxd4 exd4 25. Ne4 Re8 26. N2g3 Re5 27. Nf6 Be6 28.
Ne8 c5 29. a3 Bd2 30. Rf1 Bf4 31. Nd6+ Kc7 32. Nde4 h5 33. Rfe1 h4 34. Ne2 Bxh2+
35. Kxh2 Rxe4 36. Nf4 Rxf4 37. Rxe6 Rxf2 38. Rxa6 Rg3 39. Re1 Rgxg2+ 40. Kh1 h3 0-1

[Event "62nd ch-IND 2025"]
[Site "Guntur IND"]
[Date "2025.09.28"]
[Round "8.20"]
[White "Manish Anto, Cristiano F"]
[Black "Aarit Kapil"]
[Result "1-0"]
[WhiteTitle "IM"]
[BlackTitle "CM"]
[WhiteElo "2368"]
[BlackElo "2119"]
[WhiteFideId "25095927"]
[BlackFideId "33408947"]
[EventDate "2025.09.21"]

1. d4 Nf6 2. c4 e6 3. Nf3 b6 4. a3 Bb7 5. Nc3 Be7 6. d5 O-O 7. e4 Re8 8. e5 exd5
9. exf6 Bxf6+ 10. Be3 dxc4 11. Bxc4 d5 12. Nxd5 Bxb2 13. Ra2 Re4 14. Bb3 Bd4 15.
Nxd4 Bxd5 16. Nc6 Nxc6 17. Qxd5 Qe8 18. O-O Rd8 19. Qg5 Nd4 20. Bxd4 Rdxd4 21.
Qc1 c5 22. Rd2 Rxd2 23. Qxd2 c4 24. Bc2 Re2 25. Qc3 b5 26. Rd1 g6 27. Kf1 Qe5
28. Qxe5 Rxe5 29. Rd8+ Kg7 30. Ra8 Rd5 31. Rxa7 Rd2 32. Be4 Kf6 33. Ke1 Rb2 34.
Rb7 Ke5 35. Bc6 Kd4 36. Rxb5 Ra2 37. Rd5+ Kc3 38. a4 f5 39. Bb5 Kb3 40. Rc5 Ra1+
41. Kd2 Ra2+ 42. Ke3 Rc2 43. Rxc4 Rxc4 44. Bxc4+ Kxc4 45. Kf4 h6 46. Ke5 Kd3 47.
a5 Ke2 48. f4 Kf2 49. a6 Kxg2 50. a7 Kxh2 51. a8=Q Kh3 52. Qg8 g5 53. fxg5 hxg5
54. Qxg5 f4 55. Kxf4 Kh2 56. Kf3 Kh1 57. Qg2# 1-0

[Event "62nd ch-IND 2025"]
[Site "Guntur IND"]
[Date "2025.09.28"]
[Round "8.21"]
[White "Aadik Theophane Lenin"]
[Black "Viani, Antonio Dcunha"]
[Result "0-1"]
[BlackTitle "IM"]
[WhiteElo "2108"]
[BlackElo "2355"]
[WhiteFideId "33362041"]
[BlackFideId "5027330"]
[EventDate "2025.09.21"]

1. d4 Nf6 2. c4 e6 3. Nc3 Bb4 4. e3 O-O 5. Bd3 b6 6. Ne2 Bb7 7. a3 Bxc3+ 8. Nxc3
d5 9. cxd5 exd5 10. b4 Nbd7 11. O-O Ne4 12. Bb2 Ndf6 13. f3 Nd6 14. Qc2 Re8 15.
Rfe1 Re6 16. e4 dxe4 17. fxe4 Nc4 18. d5 Nxb2 19. Qxb2 Re5 20. Nb5 Qe7 21. Rac1
Nxd5 22. Qd2 a6 23. Nd4 Nf6 24. Nf5 Qd7 25. Qg5 Rxf5 26. Qxf5 Qxd3 27. Rxc7 Qd4+
28. Kh1 g6 29. Qf4 Bxe4 30. Rf1 Rd8 31. h3 Bf5 32. Qxd4 Rxd4 33. g4 Nd5 34. Ra7
Be6 35. Rxa6 Rd3 36. Kh2 h5 37. Ra7 hxg4 38. hxg4 Ne3 39. Rc1 Nxg4+ 40. Kg1 Rd2
41. Rac7 Ne3 42. R7c3 Rg2+ 43. Kh1 Bd5 44. a4 Rg3+ 45. Kh2 Nf1+ 0-1

[Event "62nd ch-IND 2025"]
[Site "Guntur IND"]
[Date "2025.09.28"]
[Round "8.22"]
[White "Deshmukh, Anup"]
[Black "Das, Arghyadip"]
[Result "1/2-1/2"]
[WhiteTitle "IM"]
[BlackTitle "IM"]
[WhiteElo "2099"]
[BlackElo "2353"]
[WhiteFideId "5000564"]
[BlackFideId "5003610"]
[EventDate "2025.09.21"]

1. c4 e5 2. Nc3 Nc6 3. g3 f5 4. Bg2 Nf6 5. d3 g6 6. e3 Bg7 7. Nge2 O-O 8. O-O d6
9. Rb1 a5 10. a3 Qe8 11. Nd5 Rf7 12. b4 axb4 13. axb4 Nd8 14. b5 Nxd5 15. cxd5
b6 16. f4 Ra5 17. fxe5 dxe5 18. Qb3 Bf8 19. Bd2 Ra3 20. Qc2 Bd6 21. Bb4 Bxb4 22.
Rxb4 Nb7 23. Rc4 Qe7 24. Rc1 Nc5 25. Rc3 Rxc3 26. Qxc3 Bd7 27. d4 exd4 28. exd4
Ne4 29. Bxe4 Qxe4 30. Nf4 Re7 31. Qxc7 g5 32. Qd8+ Kf7 33. Qh8 gxf4 34. Qxh7+ 1/2-1/2

[Event "62nd ch-IND 2025"]
[Site "Guntur IND"]
[Date "2025.09.28"]
[Round "8.23"]
[White "Subhayan, Kundu"]
[Black "Badole Shaunak"]
[Result "1/2-1/2"]
[WhiteTitle "IM"]
[WhiteElo "2352"]
[BlackElo "2086"]
[WhiteFideId "5094801"]
[BlackFideId "25952900"]
[EventDate "2025.09.21"]

1. e4 e5 2. Nf3 Nc6 3. Bc4 Bc5 4. c3 Nf6 5. d3 d6 6. Nbd2 a6 7. Bb3 Ba7 8. h3 h6
9. Nf1 Be6 10. Ng3 Qd7 11. Bc2 d5 12. exd5 Nxd5 13. O-O O-O-O 14. Re1 Qd6 15.
Qe2 Rhe8 16. Bd2 Bd7 17. b4 f5 18. Kh1 g5 19. a4 Nf4 20. Qf1 g4 21. hxg4 fxg4
22. Nh2 Rf8 23. Ne4 Qg6 24. b5 g3 25. fxg3 Nh5 26. Nf3 Bf5 27. Nh4 Bxe4 28. Nxg6
Rxf1+ 29. Rxf1 Nxg3+ 30. Kh2 Nxf1+ 31. Rxf1 Bxg6 32. bxc6 bxc6 33. Bxh6 Bxd3 34.
Bxd3 Rxd3 35. g4 Rxc3 36. Bg7 Rc2+ 37. Kg3 e4 38. g5 e3 39. Be5 Rf2 40. Re1 Rf5
41. Bf4 Kd7 42. Kg4 Ke6 43. Bxe3 Re5 44. Kf4 Rf5+ 45. Kg4 Ke5 1/2-1/2

[Event "62nd ch-IND 2025"]
[Site "Guntur IND"]
[Date "2025.09.28"]
[Round "8.24"]
[White "Nayak, Rajesh"]
[Black "Ayushh, Ravikumar"]
[Result "1-0"]
[WhiteTitle "FM"]
[BlackTitle "FM"]
[WhiteElo "2352"]
[BlackElo "2038"]
[WhiteFideId "35017152"]
[BlackFideId "35039482"]
[EventDate "2025.09.21"]

1. e4 c5 2. Nf3 a6 3. c3 d5 4. exd5 Qxd5 5. d4 e6 6. Be3 Nd7 7. Be2 Ngf6 8. O-O
Be7 9. c4 Qc6 10. Nc3 cxd4 11. Nxd4 Qc7 12. a3 b6 13. Bf3 Bb7 14. Bf4 Qc8 15.
Nd5 exd5 16. Nf5 Ne5 17. Nxg7+ Kf8 18. Bxe5 Kxg7 19. cxd5 Qf5 20. Re1 Rhe8 21.
Bg4 Qg6 22. Bh5 Qf5 23. g4 Qg5 24. d6 Bd8 25. f4 Qh4 26. Qb3 Rf8 27. Re3 b5 28.
Bd4 Kg8 29. Rh3 Bd5 30. Qd3 Be4 31. Qf1 Nxh5 32. Rxh4 Bxh4 33. gxh5 f5 34. Qh3
Bf6 35. Qg3+ Kf7 36. Bxf6 Kxf6 37. Qg5+ Ke6 38. Qe7+ Kd5 39. Rd1+ Kc4 40. Qc7+
Kb3 41. Qc3+ Ka2 42. b4 Rg8+ 43. Kf1 1-0

[Event "62nd ch-IND 2025"]
[Site "Guntur IND"]
[Date "2025.09.28"]
[Round "8.25"]
[White "Vignesh, B"]
[Black "Ramakrishna, J."]
[Result "0-1"]
[BlackTitle "FM"]
[WhiteElo "2288"]
[BlackElo "2028"]
[WhiteFideId "35051555"]
[BlackFideId "5008174"]
[EventDate "2025.09.21"]

1. e4 c5 2. Nf3 e6 3. d4 cxd4 4. Nxd4 Nf6 5. Bd3 Nc6 6. Nxc6 bxc6 7. O-O d5 8.
Nc3 Be7 9. Qf3 O-O 10. Bf4 Qb6 11. Rfe1 Ba6 12. Rab1 Rfe8 13. e5 Nd7 14. Ne2
Bxd3 15. cxd3 Qa6 16. Ra1 Rab8 17. b3 Rb4 18. Qg3 Nf8 19. Bd2 Rb7 20. h4 Kh8 21.
Rec1 h6 22. Nf4 Nh7 23. Be3 Rg8 24. h5 Rc8 25. Qf3 c5 26. Qd1 Rbc7 27. Ne2 Nf8
28. Qd2 Nd7 29. Bf4 Bf8 30. Rc2 Nb6 31. Rac1 c4 32. dxc4 dxc4 33. bxc4 Nxc4 34.
Qd3 Ba3 35. Rb1 Qa5 36. Nd4 a6 37. Nb3 Qa4 38. Qe4 Qe8 39. Rd1 Nb6 40. Rxc7 Rxc7
41. Bxh6 gxh6 42. Qe3 Rd7 43. Re1 Nd5 44. Qxh6+ Kg8 45. Re4 f5 46. exf6 Rh7 47.
Qg5+ Kf8 48. h6 Bb2 49. Nc5 Bxf6 50. Qg4 e5 51. Ne6+ Ke7 52. Ng7 Qc6 53. Rc4 Qd7
54. Qg6 Rh8 55. Nf5+ Ke6 56. Ng7+ Ke7 57. Nf5+ Ke6 58. Qg4 Kf7 59. Rc1 Rg8 60.
Qh5+ Ke6 61. h7 Rxg2+ 62. Kh1 Nf4 63. h8=Q Bxh8 64. Qxh8 Kxf5 65. Re1 Rg7 66.
Qf8+ Rf7 67. Qa3 Qb7+ 68. f3 Rh7+ 69. Kg1 Qg7+ 70. Kf2 Rh2+ 71. Ke3 Qa7+ 72. Qc5
Qxc5# 0-1